Podanie dodatočných daňových priznaní za vybrané druhy daní
Platiteľ dane podľa § 4 (tuzemský platiteľ) je povinný podať aj nulové daňové priznanie k DPH, v prípade ak v zdaňovacom období nevznikla žiadna daňová povinnosť ani nárok na odpočet. Dodatočný kontrolný výkaz podáva platiteľ po uplynutí lehoty na podanie kontrolného výkazu, a to len vtedy, ak zistí...
Salvato in:
| Autore principale: | |
|---|---|
| Altri autori: | |
| Natura: | Capitolo di libro |
| Lingua: | slovacco |
| Soggetti: | |
| Tags: |
Nessun Tag, puoi essere il primo ad aggiungerne!!
|
MARC
| LEADER | 00000naa a2200000 4500 | ||
|---|---|---|---|
| 001 | 0292376 | ||
| 005 | 20240417075235.8 | ||
| 041 | 0 | |a slo | |
| 044 | |a SK | ||
| 245 | 1 | 0 | |a Podanie dodatočných daňových priznaní za vybrané druhy daní |c Božena Jurčíková, Peter Jurčík |
| 520 | |a Platiteľ dane podľa § 4 (tuzemský platiteľ) je povinný podať aj nulové daňové priznanie k DPH, v prípade ak v zdaňovacom období nevznikla žiadna daňová povinnosť ani nárok na odpočet. Dodatočný kontrolný výkaz podáva platiteľ po uplynutí lehoty na podanie kontrolného výkazu, a to len vtedy, ak zistí, že údaje v podanom kontrolnom výkaze sú neúplné alebo nesprávne. V dodatočnom kontrolnom výkaze sa uvádzajú len opravené a doplnené údaje. Obsahom článku je aj problematika dodatočného súhrnného výkazu za daň z pridanej hodnoty a podania dodatočného priznania k miestnym daniam, ktoré spravuje obec. | ||
| 610 | 2 | 0 | |a dane |
| 610 | 2 | 0 | |a právo |
| 610 | 2 | 0 | |a legislatíva |
| 610 | 2 | 0 | |a zákony |
| 610 | 2 | 0 | |a daňovníci |
| 610 | 2 | 0 | |a výkazy finančné |
| 610 | 2 | 0 | |a dane z hodnoty pridanej |
| 100 | 1 | |a Jurčíková, Božena | |
| 700 | 1 | |a Jurčík, Peter | |